| 000 | 00744nam a22002297a 4500 | ||
|---|---|---|---|
| 999 |
_c21268 _d21268 |
||
| 003 | AR-CdUCM | ||
| 008 | 190320b ||||| |||| 00| 0 spa d | ||
| 040 |
_aMUNICIPALIDAD PROVINCIAL DEL CUSCO _cBIBLIOTECA MUNICIPAL DEL CUSCO |
||
| 082 |
_a512/C23N _bC23N |
||
| 100 |
_aCallo Gutiérrez, Wilian _944422 |
||
| 245 | _aÁlgebra New / | ||
| 260 |
_aCusco ; _bRanis Graf, _c2018. |
||
| 300 |
_a176 Páginas. : _c20 cm. |
||
| 440 |
_aColección Leónidas _944423 |
||
| 505 | _aContenido: Potenciación -- Polinomios especiales -- Cocientes notables. | ||
| 650 |
_aÁlgebra _944424 |
||
| 650 |
_aPotenciación _944432 |
||
| 650 |
_aPolinomios especiales _944433 |
||
| 650 |
_aCocientes notables _944434 |
||
| 942 |
_2ddc _cLIBROS |
||
| 945 | _aRoel | ||